Interim management: the new career choice for senior managers. 2nd rev. ed. (Record no. 77485)

MARC details
000 -LEADER
fixed length control field 00935nam a2200217 a 4500
008 - FIXED-LENGTH DATA ELEMENTS--GENERAL INFORMATION
fixed length control field 101111s2005 ||||||||||||||||| || u
020 ## - INTERNATIONAL STANDARD BOOK NUMBER
International Standard Book Number 0954974212
050 ## - LIBRARY OF CONGRESS CALL NUMBER
Classification number HD 5110 Rus
100 ## - MAIN ENTRY--PERSONAL NAME
Personal name Russell, Dennis
245 10 - TITLE STATEMENT
Title Interim management: the new career choice for senior managers. 2nd rev. ed.
Statement of responsibility, etc. Dennis Russell and Ian Daniell
250 ## - EDITION STATEMENT
Edition statement 2nd revised edition
260 ## - PUBLICATION, DISTRIBUTION, ETC.
Place of publication, distribution, etc. Salcombe, England
Name of publisher, distributor, etc. Aveton
Date of publication, distribution, etc. 2005
300 ## - PHYSICAL DESCRIPTION
Extent xii, 167 pages
350 ## -
-- 0.00
650 #0 - SUBJECT ADDED ENTRY--TOPICAL TERM
Topical term or geographic name entry element MANAGEMENT
650 ## - SUBJECT ADDED ENTRY--TOPICAL TERM
Topical term or geographic name entry element INTERIM EXECUTIVES
650 ## - SUBJECT ADDED ENTRY--TOPICAL TERM
Topical term or geographic name entry element PART-TIME EMPLOYMENT
700 ## - ADDED ENTRY--PERSONAL NAME
Personal name Daniell, Ian
995 ## -
-- MAIN LIBRARY OPEN ACCESS
-- 0.00
-- 742226
-- CBU-MAIN LIBRARY (Kitwe)
-- 1
-- 0.00
-- HD 5110 RUS
-- 1
-- AVAILABLE
-- Dec 10, 2010
-- 742226
-- Main Library Open Access Collection
995 ## -
-- MAIN LIBRARY OPEN ACCESS
-- 0.00
-- 742227
-- CBU-MAIN LIBRARY (Kitwe)
-- 1
-- 0.00
-- HD 5110 RUS
-- 2
-- AVAILABLE
-- Dec 10, 2010
-- 742227
-- Main Library Open Access Collection
999 ## -
-- 77485
-- 77485
Holdings
Withdrawn status Lost status Source of classification or shelving scheme Damaged status Not for loan Permanent Location Current Location Shelving location Date acquired Total Checkouts Full call number Barcode Date last seen Copy number Price effective from Koha item type
          CBU-MAIN LIBRARY, KITWE. CBU-MAIN LIBRARY, KITWE.   04/27/2023   HD 5110 Rus 742226 04/27/2023 1 04/27/2023 MONOGRAPH
          CBU-MAIN LIBRARY, KITWE. CBU-MAIN LIBRARY, KITWE.   04/27/2023   HD 5110 Rus 742227 04/27/2023 2 04/27/2023 MONOGRAPH